Famous Ducks (Slide Show) Quiz Stats

 Plays Quiz not verified by Sporcle

Score 0/21 Timer 05:00
0 Plays Today
% Correct
Donald Duck
99%
Daffy Duck
94.2%
Daisy Duck
90.4%
Huey
74.2%
Scrooge McDuck
69.6%
Louie
68.4%
Dewey
67.4%
Count Duckula
60.9%
Darkwing
58.6%
Mighty Ducks
56.7%
Howard the Duck
51.1%
% Correct
Rubber Duckie
48.3%
Duck Hunt
47.1%
Miley Cyrus
44.2%
Anaheim Ducks
38.8%
Psyduck
31.1%
Duck Dodgers
26.3%
Launchpad McQuack
22.4%
Plucky Duck
18.9%
Orville
12.1%
Quacker Jeff Duck
4.7%

You're not logged in!

Compare scores with friends on all Sporcle quizzes.
OR
Log In

Show Comments

Extras

Top Quizzes Today


Score Distribution

Your Account Isn't Verified!

In order to create a playlist on Sporcle, you need to verify the email address you used during registration. Go to your Sporcle Settings to finish the process.

Report this User

Report this user for behavior that violates our Community Guidelines.

Details: